| 000 | 01220nam a2200337Ia 4500 | ||
|---|---|---|---|
| 001 | ebr10080960 | ||
| 003 | CaPaEBR | ||
| 006 | m u | ||
| 007 | cr cn||||||||| | ||
| 008 | 040430s2005 enka sb 001 0 eng d | ||
| 015 |
_aGBA475398 _2bnb |
||
| 020 | _z9781412933261 | ||
| 020 | _z0761973125 (cased) | ||
| 020 | _z0761973133 (pbk.) | ||
| 040 |
_aCaPaEBR _cCaPaEBR |
||
| 035 | _a(OCoLC)150645902 | ||
| 050 | 1 | 4 |
_aP95.8 _b.R46 2005eb |
| 082 | 0 | 4 |
_a302.23 _222 |
| 100 | 1 | _aRantanen, Terhi. | |
| 245 | 1 | 4 |
_aThe media and globalization _h[electronic resource] / _cTerhi Rantanen. |
| 260 |
_aLondon : _bSAGE, _c2005. |
||
| 300 |
_aviii, 180 p. : _bill. |
||
| 504 | _aIncludes bibliographical references and index. | ||
| 533 |
_aElectronic reproduction. _bPalo Alto, Calif. : _cebrary, _d2009. _nAvailable via World Wide Web. _nAccess may be limited to ebrary affiliated libraries. |
||
| 650 | 0 | _aGlobalization. | |
| 650 | 0 |
_aMass media _xPolitical aspects. |
|
| 650 | 0 |
_aMass media _xSocial aspects. |
|
| 655 | 7 |
_aElectronic books. _2local |
|
| 710 | 2 | _aebrary, Inc. | |
| 856 | 4 | 0 |
_uhttp://site.ebrary.com/lib/rucke/Doc?id=10080960 _zAn electronic book accessible through the World Wide Web; click to view |
| 999 |
_c55561 _d55561 |
||